Journal of Competitiveness Scientific Journal from the Field of Management and Economics

Uložené v:
Podrobná bibliografia
Médium: Seriál
Jazyk:English
Vydavateľské údaje: Zlín Fakulta managementu a ekonomiky Univerzity Tomáše Bati ve Zlíně 2020
Tagy: Pridať tag
Žiadne tagy, Buďte prvý, kto otaguje tento záznam!

MARC

LEADER 00000nas2a2200000 4500
001 0268939
005 20201005091122.7
022 |a 1804-1728 
041 0 |a eng 
044 |a CZ 
245 1 0 |a Journal of Competitiveness  |b Scientific Journal from the Field of Management and Economics 
264 1 |a Zlín  |b Fakulta managementu a ekonomiky Univerzity Tomáše Bati ve Zlíně  |c 2020 
773 0 |w eu_un_cat*0117709